000 00336nam a2200145Ia 4500
008 230917s9999||||xx |||||||||||||| ||und||
040 _e200179
_aMAIN
041 _aEnglish
082 _a823.7 T749W:A
100 _aWalpole, Hugh
245 0 _aAnthony Trollope
260 _aLondon
_bMacmillan
_c1929
300 _a205 p.
942 _cBK
999 _c49203
_d49203